header

An ethnoarchaeological study of the blacksmithing technology in Cebu Island, Philippines (Record no. 175088)

MARC details
000 -LEADER
fixed length control field 01347nam a2200313Ia 4500
100 1# - MAIN ENTRY--AUTHOR NAME
Personal name Gerra, Jocelyn B.
245 13 - TITLE STATEMENT
Title An ethnoarchaeological study of the blacksmithing technology in Cebu Island, Philippines
260 ## - PUBLICATION, DISTRIBUTION, ETC. (IMPRINT)
Place of publication Frankfurt am Main :
Name of publisher Peter Lang,
Year of publication c2013.
300 ## - PHYSICAL DESCRIPTION
Number of Pages 114 p. :
Other physical details Ill.
490 1# - SERIES STATEMENT
Series statement Europaische Hochschulschriften. Reihe XXXVIII, Archaologie ;
650 #0 - SUBJECT ADDED ENTRY--TOPICAL TERM
Topical Term Blacksmithing
Topical Term Ironwork
856 40 - ELECTRONIC LOCATION AND ACCESS
Uniform Resource Identifier http://site.ebrary.com/lib/rucke/Doc?id=10666141

No items available.

© 2026 Rongo University
Contact us: librarian | system librarian | Rongo university